00281nam a2200109Ia 4500008004100000100002100041245002700062260004300089650001500132942000700147999001700154190216s9999||||xx |||||||||||||| ||und|| aShankara Kurup G 0aOormagalude Oolangalil bSahithya Pravarthaka Sahakarana Sangam aAthmakadha cBK c25885d25885